MARC

LEADER 00000naa0a2200000 4500
001 661294
005 20250829130633.0
035 |a (RuTPU)RU\TPU\network\31618 
035 |a RU\TPU\network\31570 
090 |a 661294 
100 |a 20191128d2018 k||y0engy50 ba 
101 0 |a eng 
102 |a PT 
135 |a drcn ---uucaa 
181 0 |a i  
182 0 |a b 
200 1 |a Methods for the Preparation of New 11H-Indeno[1,2-b]Quinoxalin-11-One Oxime Analogs as Promising JNK Inhibitors   |f A. R. Kovrizhina, A. I. Khlebnikov, I. A. Shchepyotkin, M. Quin 
203 |a Text  |c electronic 
300 |a Title screen 
320 |a [References: p. 162 (2 tit.)] 
463 |t International Conference on Physical Organic Chemistry (ICPOC 24)  |o Book of Abstracts 24th IUPAC International Conference, Faro, July 1-6, 2018  |v [P. 162]  |d 2018 
610 1 |a электронный ресурс 
610 1 |a труды учёных ТПУ 
610 1 |a оксимы 
610 1 |a хинолизины 
610 1 |a аналоги 
701 1 |a Kovrizhina  |b A. R.  |c biotechnology specialist  |c Research Engineer of Tomsk Polytechnic University  |f 1995-  |g Anastasia Ruslanovna  |3 (RuTPU)RU\TPU\pers\46608 
701 1 |a Khlebnikov  |b A. I.  |c Chemist  |c Professor of Tomsk Polytechnic University  |f 1963-  |g Andrey Ivanovich  |3 (RuTPU)RU\TPU\pers\33927  |9 17500 
701 1 |a Shchepyotkin  |b I. A.  |c doctor-biophysicist  |c leading researcher of Tomsk Polytechnic University, candidate of medical science  |f 1962-  |g Igor Aleksandrovich  |3 (RuTPU)RU\TPU\pers\37358 
701 1 |a Quin  |b M.  |g Mark 
712 0 2 |a Национальный исследовательский Томский политехнический университет  |b Инженерная школа новых производственных технологий  |b Научно-образовательный центр Н. М. Кижнера  |3 (RuTPU)RU\TPU\col\23556 
801 2 |a RU  |b 63413507  |c 20201103  |g RCR 
856 4 |u https://icpoc24.ualg.pt/wp-content/uploads/1/24th_IUPAC_ICPOC_BookAbstrcts_Web_FINAL.pdf#page=164 
942 |c CF